[Event "LSS SN-2010-0-00237"]
[Site "LSS email"]
[Date "2010.04.06"]
[Round "?"]
[White "Lee, Phillip"]
[Black "Ruchay, Joachim"]
[Result "1-0"]
[WhiteElo "830"]
[BlackElo "767"]
[PlyCount "45"]
[EventDate "2010.03.23"]
[EventType "tourn (corr)"]
[EventRounds "6"]
[EventCountry "GER"]
[SourceTitle "Corr 2013"]
[Source "ChessBase"]
[SourceDate "2012.11.12"]
[SourceVersion "1"]
[SourceVersionDate "2012.11.12"]
[SourceQuality "1"]
[WhiteTeam "US of America"]
[BlackTeam "US of America"]
[WhiteTeamCountry "USA"]
[BlackTeamCountry "USA"]

1. e4 e6 2. d4 d5 3. Nc3 Bb4 4. e5 c5 5. a3 cxd4 6. axb4 dxc3 7. Qg4 g6 8. Nf3 cxb2 9. Bxb2 Ne7 10. Bd3 b6 11. 0-0 Bb7 12. Nd4 Nd7 13. f4 Qc7 14. Nb5 Qb8 15. Nd6+ Kf8 16. Qh3 h5 17. g4 Kg7 18. Rae1 Nc8 19. f5 Nxd6 20. exd6+ f6 21. fxe6 Ne5 22. Bxe5 fxe5 23. Rf7+ 1-0

[Event "LSS SN-2010-0-00233"]
[Site "LSS email"]
[Date "2010.03.23"]
[Round "?"]
[White "Lee, Phillip"]
[Black "Pauk, Jozef"]
[Result "1-0"]
[WhiteElo "849"]
[BlackElo "844"]
[PlyCount "101"]
[EventDate "2010.03.08"]
[EventType "tourn (corr)"]
[EventRounds "6"]
[EventCountry "GER"]
[SourceTitle "Telechess CBM 141"]
[Source "ChessBase"]
[SourceDate "2011.03.17"]
[SourceVersion "1"]
[SourceVersionDate "2011.03.17"]
[SourceQuality "1"]

1. e4 e5 2. Nf3 Nc6 3. Bb5 Nf6 4. 0-0 Be7 5. Re1 0-0 6. Bxc6 dxc6 7. Nxe5 Bc5 8. c3 Bd6 9. Nf3 Ng4 10. g3 Nh6 11. d4 Bg4 12. e5 Be7 13. Bxh6 gxh6 14. Qd3 Be6 15. Nbd2 b5 16. Ne4 Bf5 17. Qe3 Bxe4 18. Qxe4 Qd5 19. Qg4+ Kh8 20. Qh5 Rg8 21. Re3 Rg6 22. b3 Qe6 23. Ne1 Rg5 24. Qf3 Rag8 25. Nd3 Rg4 26. Kh1 Qd5 27. Nf4 Qxf3+ 28. Rxf3 Rf8 29. Rd1 Rg5 30. Rdd3 a5 31. c4 b4 32. Rfe3 Rf5 33. Kg2 Bg5 34. Re4 Bxf4 35. Rxf4 Rxf4 36. gxf4 Rg8+ 37. Kf1 Rd8 38. Ke2 Kg7 39. Rg3+ Kh8 40. Ke3 Re8 41. Ke4 f6 42. Kf5 fxe5 43. dxe5 Rf8+ 44. Ke4 Rd8 45. e6 c5 46. Ke5 Rg8 47. Rxg8+ Kxg8 48. Kf6 Kf8 49. e7+ Ke8 50. Ke6 h5 51. f5 1-0

[Event "LSS SN-2010-0-00233"]
[Site "LSS email"]
[Date "2010.03.23"]
[Round "?"]
[White "Pehl, Ferenc"]
[Black "Lee, Phillip"]
[Result "0-1"]
[WhiteElo "923"]
[BlackElo "849"]
[PlyCount "72"]
[EventDate "2010.03.08"]
[EventType "tourn (corr)"]
[EventRounds "6"]
[EventCountry "GER"]
[SourceTitle "Corr 2013"]
[Source "ChessBase"]
[SourceDate "2012.11.12"]
[SourceVersion "1"]
[SourceVersionDate "2012.11.12"]
[SourceQuality "1"]
[WhiteTeam "US of America"]
[BlackTeam "US of America"]
[WhiteTeamCountry "USA"]
[BlackTeamCountry "USA"]

1. e4 e5 2. f4 exf4 3. Nf3 g5 4. d4 g4 5. Ng1 Qh4+ 6. Kd2 d6 7. Kc3 Nc6 8. Bxf4 Qf6 9. g3 Bg7 10. Ne2 Qe6 11. Bg2 Na5 12. b3 Nf6 13. Qd3 Nd7 14. Kb2 c5 15. c3 cxd4 16. cxd4 Nc5 17. Qb5+ Bd7 18. Qxa5 Nd3+ 19. Kc3 b6 20. Qa6 Nc5 21. Qc4 Nxe4+ 22. Bxe4 Rc8 23. Qxc8+ Bxc8 24. Bd3 0-0 25. Nd2 Bb7 26. Rhe1 Qd5 27. Be4 Qa5+ 28. Kd3 Ba6+ 29. Ke3 f5 30. Bxd6 Re8 31. b4 Qa3+ 32. Kf2 Bxe2 33. Rxe2 fxe4 34. Nb3 Bxd4+ 35. Nxd4 Qd3 36. Bf4 Qxd4+ 0-1

[Event "LSS SN-2010-0-00230"]
[Site "LSS email"]
[Date "2010.03.10"]
[Round "?"]
[White "Lee, Phillip"]
[Black "Vontina, Maria"]
[Result "1/2-1/2"]
[WhiteElo "766"]
[BlackElo "635"]
[PlyCount "78"]
[EventDate "2010.03.03"]
[EventType "tourn (corr)"]
[EventRounds "6"]
[EventCountry "GER"]
[SourceTitle "Corr 2013"]
[Source "ChessBase"]
[SourceDate "2012.11.12"]
[SourceVersion "1"]
[SourceVersionDate "2012.11.12"]
[SourceQuality "1"]
[WhiteTeam "US of America"]
[BlackTeam "US of America"]
[WhiteTeamCountry "USA"]
[BlackTeamCountry "USA"]

1. e4 c5 2. Nf3 d6 3. d4 cxd4 4. Nxd4 Nf6 5. Nc3 g6 6. Be3 Bg7 7. f3 0-0 8. Qd2 Nc6 9. 0-0-0 d5 10. exd5 Nxd5 11. Nxc6 bxc6 12. Bd4 Be6 13. Bc4 Qd7 14. Bxg7 Kxg7 15. Nxd5 Bxd5 16. Bxd5 cxd5 17. Qxd5 Qxd5 18. Rxd5 Rfd8 19. Rhd1 Rxd5 20. Rxd5 Kf8 21. c4 Ke8 22. Kd2 Rd8 23. Rxd8+ Kxd8 24. Kd3 Kc7 25. Kd4 Kc6 26. b4 e6 27. b5+ Kd6 28. c5+ Kd7 29. a4 f6 30. f4 h5 31. h4 Kc7 32. c6 Kd6 33. Kc4 e5 34. g3 e4 35. Kd4 f5 36. Kc4 Kc7 37. Kd4 Kd6 38. Ke3 Kc7 39. Kd4 Kd6 1/2-1/2

[Event "LSS SN-2010-0-00230"]
[Site "LSS email"]
[Date "2010.03.09"]
[Round "?"]
[White "Jokmin, Alex"]
[Black "Lee, Phillip"]
[Result "1-0"]
[WhiteElo "747"]
[BlackElo "832"]
[PlyCount "111"]
[EventDate "2010.03.03"]
[EventType "tourn (corr)"]
[EventRounds "6"]
[EventCountry "GER"]
[SourceTitle "Corr 2013"]
[Source "ChessBase"]
[SourceDate "2012.11.12"]
[SourceVersion "1"]
[SourceVersionDate "2012.11.12"]
[SourceQuality "1"]
[WhiteTeam "US of America"]
[BlackTeam "US of America"]
[WhiteTeamCountry "USA"]
[BlackTeamCountry "USA"]

1. d4 Nf6 2. c4 e6 3. Nc3 Bb4 4. Nf3 b6 5. Bf4 Ne4 6. Qc2 Bb7 7. e3 0-0 8. d5 exd5 9. cxd5 Bxd5 10. Bd3 Re8 11. 0-0 Bxc3 12. bxc3 h6 13. Ne5 Nf6 14. Rfd1 d6 15. Nc4 Qe7 16. Nb2 Nbd7 17. c4 Bc6 18. Bg3 Nh5 19. Bf5 Nxg3 20. hxg3 Be4 21. Bxe4 Qxe4 22. Qxe4 Rxe4 23. Rd4 Rae8 24. Nd3 g5 25. Nb4 Rxd4 26. exd4 a5 27. Nd5 c6 28. Nc3 f5 29. Rb1 Kf7 30. a4 Rb8 31. f4 Rc8 32. Kf2 b5 33. cxb5 cxb5 34. Nxb5 Ke6 35. Rh1 Rh8 36. Nc7+ Kf7 37. fxg5 Kg6 38. gxh6 Rxh6 39. Rb1 Kg5 40. Rb5 Kg4 41. Nd5 f4 42. Nxf4 Rf6 43. Rxa5 Nf8 44. Ke3 Ne6 45. Nxe6 Rxe6+ 46. Kd3 Kxg3 47. Rg5+ Kf4 48. Rb5 Re3+ 49. Kc4 Ra3 50. a5 Kg3 51. Kd5 Rd3 52. a6 Kxg2 53. Ra5 Rh3 54. Kc6 Rd3 55. a7 Rxd4 56. a8Q 1-0

[Event "LSS RN-2010-0-00264"]
[Site "LSS email"]
[Date "2010.02.22"]
[Round "?"]
[White "Chandler, Mark"]
[Black "Lee, Phillip"]
[Result "0-1"]
[WhiteElo "782"]
[BlackElo "783"]
[PlyCount "78"]
[EventDate "2010.02.11"]
[EventType "tourn (corr)"]
[EventRounds "6"]
[EventCountry "GER"]
[SourceTitle "Corr 2013"]
[Source "ChessBase"]
[SourceDate "2012.11.12"]
[SourceVersion "1"]
[SourceVersionDate "2012.11.12"]
[SourceQuality "1"]

1. e4 e5 2. Nf3 Nc6 3. Bc4 Bc5 4. c3 Nf6 5. d4 exd4 6. cxd4 Bb4+ 7. Bd2 Nxe4 8. Bxf7+ Kxf7 9. Qb3+ d5 10. Ne5+ Nxe5 11. dxe5 Bxd2+ 12. Nxd2 Nxd2 13. Kxd2 Qg5+ 14. Qe3 Qxe3+ 15. Kxe3 g5 16. Kd4 Ke6 17. h4 g4 18. f4 gxf3 19. gxf3 b6 20. b4 Bb7 21. Rac1 Rac8 22. Rhg1 Rhf8 23. Rg7 Rf4+ 24. Ke3 Rf7 25. Rxf7 Kxf7 26. f4 Ke6 27. Rg1 Rf8 28. Rg7 d4+ 29. Kxd4 Rxf4+ 30. Ke3 Rf7 31. Rxf7 Kxf7 32. b5 c6 33. a4 c5 34. Kf4 Ke6 35. Kg5 Kxe5 36. Kh6 Be4 37. Kg5 Bf5 38. h5 c4 39. a5 bxa5 0-1

[Event "OP-2010-0-01048"]
[Site "LSS email"]
[Date "2010.01.15"]
[Round "?"]
[White "Lee, Phillip"]
[Black "Brough, Carl"]
[Result "1-0"]
[WhiteElo "800"]
[BlackElo "625"]
[PlyCount "127"]
[EventDate "2010.01.10"]
[EventType "tourn (corr)"]
[EventRounds "4"]
[EventCountry "GER"]
[SourceTitle "Corr 2013"]
[Source "ChessBase"]
[SourceDate "2012.11.12"]
[SourceVersion "1"]
[SourceVersionDate "2012.11.12"]
[SourceQuality "1"]

1. e4 e5 2. Nf3 Nc6 3. Bb5 Nf6 4. 0-0 Bd6 5. d4 Nxe4 6. Re1 f5 7. dxe5 Bxe5 8. Bxc6 bxc6 9. Nxe5 0-0 10. Nf3 d5 11. b3 c5 12. Ba3 Qf6 13. Qxd5+ Be6 14. Qe5 Rad8 15. Qxf6 Rxf6 16. Bb2 Rg6 17. Ne5 Rg5 18. f4 Rh5 19. Nc6 Re8 20. Nxa7 Bd7 21. Rd1 Re7 22. Be5 Nf6 23. Nc3 Ng4 24. h3 Nxe5 25. fxe5 f4 26. Nd5 Rf7 27. Re1 f3 28. Rf1 Bxh3 29. gxh3 Rg5+ 30. Kf2 Rg2+ 31. Ke3 Re2+ 32. Kd3 Rxe5 33. c4 f2 34. Kd2 g5 35. Nc6 Re4 36. a4 h5 37. Ra2 g4 38. hxg4 hxg4 39. Ne3 g3 40. Ng2 Rd7+ 41. Kc3 Rd6 42. a5 Rxc6 43. a6 Re8 44. a7 Ra8 45. Kd3 Re6 46. Raa1 Kg7 47. Rh1 Kf6 48. Rh6+ Kf5 49. Ne3+ Rxe3+ 50. Kxe3 Kg4 51. Rg6+ Kh3 52. Rh6+ Kg2 53. Rhh1 Re8+ 54. Kd2 Kf3 55. a8Q+ Rxa8 56. Rxa8 g2 57. Raa1 gxh1Q 58. Rxh1 Kg2 59. Ke2 Kxh1 60. Kxf2 Kh2 61. Kf3 Kg1 62. Ke4 Kf2 63. Kd5 Ke3 64. Kxc5 1-0